000 00375nam a2200157Ia 4500
008 151213s9999 xx 000 0 und d
100 _aW. Stanton
245 _aFundamental of Marketing
_cW. Stanton
250 _a9th
260 _aLondon
_bMc Graw Hill
_c1991
300 _a2647 p.
650 _aMarketing
650 _aMarketing
700 _aW. Stanton
999 _c1759
_d1759